[Event "Llinars del Valles op 5th"]
[Site "Llinars del Valles"]
[Date "2025.06.26"]
[Round "2"]
[White "Herman Gamazo, Isaac"]
[Black "Wilson, Hannah"]
[Result "1-0"]
[WhiteElo "2181"]
[BlackElo "1934"]
[PlyCount "71"]
[EventDate "2025.06.25"]
[EventType "swiss"]
[EventRounds "9"]
[EventCountry "ESP"]
[SourceTitle "CB31_2025"]
[SourceDate "2025.07.30"]
[SourceVersion "1"]
[SourceVersionDate "2025.07.30"]
[SourceQuality "1"]

1. e4 c5 2. Nf3 Nc6 3. d4 cxd4 4. Nxd4 g6 5. Nc3 Bg7 6. Be3 Nf6 7. Nxc6 bxc6 8. e5 Ng8 9. f4 d6 10. Qf3 Bd7 11. 0-0-0 Qb8 12. Bc4 Nh6 13. exd6 exd6 14. Bc5 0-0 15. Bxd6 Bg4 16. Qxc6 Qc8 17. Bd5 Bxd1 18. Qxa8 Qxa8 19. Bxa8 Rxa8 20. Nxd1 Nf5 21. Bc5 a5 22. Re1 Rc8 23. Bb6 a4 24. a3 Nd6 25. Ne3 Re8 26. Rd1 Re6 27. Bc5 Nb7 28. Ba7 Nd6 29. h4 h5 30. Bd4 Bh6 31. Nd5 Ne4 32. Kb1 Rd6 33. Be5 Re6 34. Rd4 Nc5 35. Nf6+ Kg7 36. Nd7+ 1-0

[Event "Catalunya-chT Gp3"]
[Site "Barcelona"]
[Date "2025.02.01"]
[Round "3.10"]
[White "Pulido Leon, Manuel"]
[Black "Herman Gamazo, Isaac"]
[Result "0-1"]
[WhiteElo "2064"]
[BlackElo "2152"]
[PlyCount "80"]
[EventDate "2025.01.18"]
[EventType "team-tourn"]
[EventRounds "5"]
[EventCountry "ESP"]
[SourceTitle "CB07_2025"]
[SourceDate "2025.02.12"]
[SourceVersion "1"]
[SourceVersionDate "2025.02.12"]
[SourceQuality "1"]
[WhiteTeam "Tres Peons"]
[BlackTeam "Barbera"]
[WhiteTeamCountry "ESP"]
[BlackTeamCountry "ESP"]

1. e4 e5 2. Nf3 Nc6 3. Bb5 a6 4. Ba4 Nf6 5. 0-0 d6 6. Re1 g6 7. c3 Bg7 8. d3 0-0 9. h3 Nh5 10. Nbd2 Qe8 11. Nf1 f5 12. Ng3 Nxg3 13. fxg3 Kh8 14. Be3 b5 15. Bb3 Na5 16. Bc2 c5 17. a4 Bb7 18. axb5 axb5 19. Qe2 c4 20. Bb6 cxd3 21. Bxd3 fxe4 22. Bxe4 Bxe4 23. Qxe4 Nc4 24. Bf2 Nxb2 25. Qd5 Rxa1 26. Rxa1 e4 27. Re1 Qa8 28. Qxe4 Qxe4 29. Rxe4 Bxc3 30. Nd4 Nd3 31. Be3 Nc5 32. Re7 b4 33. Nb5 Bf6 34. Ra7 b3 35. Na3 b2 36. Kf2 Bd4+ 37. Ke2 Bxe3 38. Kxe3 Rf1 39. Ra8+ Kg7 40. Rb8 Ra1 0-1

[Event "ESP-ch U14 rapid"]
[Site "Salobrena"]
[Date "2024.07.20"]
[Round "4"]
[White "Prochaieva, Tina"]
[Black "Herman Gamazo, Isaac"]
[Result "0-1"]
[WhiteElo "1766"]
[BlackElo "2153"]
[PlyCount "98"]
[EventDate "2024.07.20"]
[EventType "swiss (rapid)"]
[EventRounds "9"]
[EventCountry "ESP"]
[SourceTitle "CBM 221 Extra"]
[Source "ChessBase"]
[SourceDate "2024.09.30"]
[SourceVersion "1"]
[SourceVersionDate "2024.09.30"]
[SourceQuality "1"]

1. d4 Nf6 2. Nf3 e6 3. c4 b6 4. a3 Ba6 5. Nc3 Bxc4 6. Bg5 Be7 7. Rc1 Ba6 8. g3 0-0 9. Bg2 Bb7 10. 0-0 c5 11. dxc5 bxc5 12. Bf4 d5 13. e3 Nbd7 14. Qb3 Bc6 15. Rfd1 Qa5 16. Ne5 Nxe5 17. Bxe5 Nd7 18. Nxd5 exd5 19. Bc3 Qb6 20. Bxd5 Qxb3 21. Bxb3 Nb6 22. Ba5 h6 23. Rd2 Rfd8 24. Rcd1 Rxd2 25. Rxd2 Rd8 26. Rxd8+ Bxd8 27. Kf1 Bf6 28. Bc3 Bxc3 29. bxc3 Bd5 30. Bc2 Nc4 31. a4 Bc6 32. Ke2 Nb2 33. a5 Bb5+ 34. Kd2 Nc4+ 35. Kc1 Nxa5 36. Kb2 Kf8 37. Ka3 Ke7 38. Ba4 Bxa4 39. Kxa4 Nb7 40. Kb5 a5 41. c4 Ke6 42. Kb6 a4 43. Kxb7 a3 44. Kc6 a2 45. Kxc5 a1Q 46. Kc6 Qa6+ 47. Kc7 Qd6+ 48. Kc8 Qd7+ 49. Kb8 Kd6 0-1

[Event "ESP-ch U14"]
[Site "Salobrena"]
[Date "2024.07.17"]
[Round "4"]
[White "Ambrona Navarro, Himar"]
[Black "Herman Gamazo, Isaac"]
[Result "1/2-1/2"]
[WhiteElo "1944"]
[BlackElo "2108"]
[PlyCount "106"]
[EventDate "2024.07.15"]
[EventType "swiss"]
[EventRounds "9"]
[EventCountry "ESP"]
[SourceTitle "EXT 2025"]
[Source "ChessBase"]
[SourceDate "2024.10.14"]
[SourceVersion "1"]
[SourceVersionDate "2024.10.14"]
[SourceQuality "1"]

1. d4 Nf6 2. c4 e6 3. Nc3 Bb4 4. e3 c5 5. Bd3 Nc6 6. Nf3 Bxc3+ 7. bxc3 d6 8. Bd2 e5 9. d5 Ne7 10. Qc2 0-0 11. 0-0 g6 12. Be1 Ne8 13. Nd2 f5 14. f4 Kg7 15. Bg3 e4 16. Be2 h6 17. Bh4 Nf6 18. Bxf6+ Rxf6 19. Rf2 g5 20. Raf1 g4 21. Rb1 Rb8 22. Rff1 Bd7 23. Qc1 Qa5 24. Rb3 Nc8 25. Qa3 Qxa3 26. Rxa3 Rf7 27. Rb1 Be8 28. Bd1 b6 29. Ba4 Bxa4 30. Rxa4 Rfb7 31. Ra3 Kf7 32. Rab3 a6 33. a4 Na7 34. Kf2 Kf6 35. Ke2 Ke7 36. Kf2 Kf6 37. Ke1 Nc8 38. R1b2 Kf7 39. Nb1 b5 40. cxb5 axb5 41. Rxb5 Rxb5 42. Rxb5 Rxb5 43. axb5 Nb6 44. Nd2 c4 45. Kf2 Ke7 46. Kg3 Kf6 47. Kh4 Kg6 48. h3 h5 49. Kg3 Kf6 50. Kh4 Kg6 51. Kg3 Kh6 52. Kh4 Kg6 53. Kg3 gxh3 1/2-1/2

[Event "ESP-ch U14"]
[Site "Salobrena"]
[Date "2024.07.15"]
[Round "2"]
[White "Del Valle Crespo, Javier"]
[Black "Herman Gamazo, Isaac"]
[Result "0-1"]
[WhiteElo "1853"]
[BlackElo "2108"]
[PlyCount "132"]
[EventDate "2024.07.15"]
[EventType "swiss"]
[EventRounds "9"]
[EventCountry "ESP"]
[SourceTitle "EXT 2025"]
[Source "ChessBase"]
[SourceDate "2024.10.14"]
[SourceVersion "1"]
[SourceVersionDate "2024.10.14"]
[SourceQuality "1"]

1. e4 c5 2. Nf3 Nc6 3. d4 cxd4 4. Nxd4 Nf6 5. Nc3 e6 6. Nxc6 bxc6 7. Bd3 d5 8. exd5 cxd5 9. Bf4 Bc5 10. 0-0 0-0 11. Qe2 Bd7 12. a3 Rc8 13. Ba6 Rc6 14. Na4 Bd6 15. Bxd6 Rxd6 16. Nc5 Qb6 17. b4 Re8 18. c4 dxc4 19. Bxc4 Bc6 20. Nb3 Red8 21. Rad1 Ba8 22. Rxd6 Qxd6 23. Rc1 h5 24. h3 g6 25. Qe3 Rd7 26. Bf1 Kg7 27. Qc3 e5 28. Re1 Ne4 29. Qe3 Re7 30. Qd3 Qxd3 31. Bxd3 Nd6 32. Nc5 e4 33. Bc2 Kf6 34. Kf1 Ke5 35. a4 f5 36. Rd1 Bd5 37. Bb3 Bxb3 38. Nxb3 Rc7 39. Nc5 f4 40. Ke2 a5 41. Na6 Rc2+ 42. Rd2 f3+ 43. gxf3 exf3+ 44. Ke1 Rc4 45. bxa5 Re4+ 46. Kf1 Rxa4 47. Kg1 Ne4 48. Rc2 Rxa5 49. Nb4 Ra1+ 50. Kh2 g5 51. Nd3+ Kd4 52. Nc1 Ra3 53. Na2 Rb3 54. Nc1 Rc3 55. Rxc3 Kxc3 56. h4 g4 57. Kg1 Kc2 58. Na2 Kd2 59. Nb4 Ke2 60. Nc2 Nxf2 61. Nd4+ Ke3 62. Nc2+ Kd2 63. Nd4 Nh3+ 64. Kf1 Ke3 65. Nf5+ Kf4 66. Nd4 g3 0-1

[Event "Llinars del Valles op 4th"]
[Site "Llinars del Valles"]
[Date "2024.07.03"]
[Round "9"]
[White "Sukhodolskyi, Oleksii"]
[Black "Herman Gamazo, Isaac"]
[Result "1-0"]
[WhiteElo "1822"]
[BlackElo "2129"]
[PlyCount "37"]
[EventDate "2024.06.25"]
[EventType "swiss"]
[EventRounds "9"]
[EventCountry "ESP"]
[SourceTitle "CBM 221 Extra"]
[Source "ChessBase"]
[SourceDate "2024.09.30"]
[SourceVersion "1"]
[SourceVersionDate "2024.09.30"]
[SourceQuality "1"]

1. d4 d6 2. Bf4 g6 3. Nc3 Bg7 4. Nf3 Nd7 5. e4 c5 6. e5 Qa5 7. Bb5 a6 8. Bxd7+ Bxd7 9. 0-0 Bg4 10. Re1 cxd4 11. Qxd4 Bxf3 12. gxf3 Rd8 13. Rad1 e6 14. Bg5 f6 15. Bxf6 Bxf6 16. exf6 Qg5+ 17. Kf1 Qxf6 18. Rxe6+ Qxe6 19. Re1 1-0

[Event "Llinars del Valles op 4th"]
[Site "Llinars del Valles"]
[Date "2024.07.01"]
[Round "7"]
[White "Ballo Serrano, Jan"]
[Black "Herman Gamazo, Isaac"]
[Result "0-1"]
[WhiteElo "1917"]
[BlackElo "2129"]
[PlyCount "56"]
[EventDate "2024.06.25"]
[EventType "swiss"]
[EventRounds "9"]
[EventCountry "ESP"]
[SourceTitle "CBM 221 Extra"]
[Source "ChessBase"]
[SourceDate "2024.09.30"]
[SourceVersion "1"]
[SourceVersionDate "2024.09.30"]
[SourceQuality "1"]

1. e4 c5 2. Nf3 e6 3. d3 Nf6 4. g3 d5 5. Qe2 Nc6 6. Bg2 Be7 7. 0-0 0-0 8. e5 Nd7 9. c4 a6 10. Rd1 b5 11. cxd5 exd5 12. d4 cxd4 13. Nxd4 Nxd4 14. Rxd4 Nb6 15. Nc3 Be6 16. b3 Qc7 17. Bb2 Rfd8 18. Rc1 Rac8 19. h3 Qb8 20. a3 Rc6 21. Rcd1 Qc8 22. Kh2 Rxc3 23. Bxc3 Qxc3 24. R1d3 Qc1 25. Be4 Rc8 26. Bf3 Rc2 27. Rd2 Rc3 28. Rd1 Qxa3 0-1

[Event "Llinars del Valles op 4th"]
[Site "Llinars del Valles"]
[Date "2024.06.30"]
[Round "6"]
[White "Herman Gamazo, Isaac"]
[Black "Ibanez Tarradellas, Eduardo"]
[Result "0-1"]
[WhiteElo "2129"]
[BlackElo "2144"]
[PlyCount "108"]
[EventDate "2024.06.25"]
[EventType "swiss"]
[EventRounds "9"]
[EventCountry "ESP"]
[SourceTitle "CBM 221 Extra"]
[Source "ChessBase"]
[SourceDate "2024.09.30"]
[SourceVersion "1"]
[SourceVersionDate "2024.09.30"]
[SourceQuality "1"]

1. e4 d5 2. exd5 Qxd5 3. Nc3 Qa5 4. d4 Nf6 5. Nf3 Ne4 6. Bd3 Nxc3 7. bxc3 g6 8. 0-0 Bg7 9. Re1 0-0 10. Rxe7 Nc6 11. Re3 Qxc3 12. Bd2 Qb2 13. Bxg6 Nxd4 14. Nxd4 Qxd4 15. c3 Qg4 16. Be4 Qxd1+ 17. Rxd1 Bg4 18. Rb1 Rad8 19. Be1 b6 20. f4 Rfe8 21. Kf2 Bf8 22. Rg3 Bc5+ 23. Kf1 Rxe4 24. Rxg4+ Kf8 25. Rh4 Rd5 26. Ra1 h5 27. a4 Be7 28. Rh3 Rxf4+ 29. Rf3 Rxf3+ 30. gxf3 Bd6 31. h3 Be5 32. Ke2 Ra5 33. Ra3 Bd6 34. Ra2 b5 35. Bf2 a6 36. c4 Rxa4 37. Rxa4 bxa4 38. Kd3 Be5 39. Kc2 Ke7 40. Kb1 a3 41. Bc5+ Ke6 42. Bxa3 Kf5 43. Bc1 Bf4 44. Ba3 Be3 45. Kc2 Kf4 46. Be7 Kxf3 47. Bf6 Bf2 48. Kd3 h4 49. c5 c6 50. Be7 Kg3 51. Ke2 Bd4 52. Bd6+ Kxh3 53. Kf3 a5 54. Bf8 Bb2 0-1

[Event "Llinars del Valles op 4th"]
[Site "Llinars del Valles"]
[Date "2024.06.29"]
[Round "5"]
[White "Ribera Caro, Joan"]
[Black "Herman Gamazo, Isaac"]
[Result "0-1"]
[WhiteElo "1920"]
[BlackElo "2129"]
[PlyCount "72"]
[EventDate "2024.06.25"]
[EventType "swiss"]
[EventRounds "9"]
[EventCountry "ESP"]
[SourceTitle "CBM 221 Extra"]
[Source "ChessBase"]
[SourceDate "2024.09.30"]
[SourceVersion "1"]
[SourceVersionDate "2024.09.30"]
[SourceQuality "1"]

1. d4 Nf6 2. Nf3 g6 3. g3 Bg7 4. Bg2 d6 5. c4 0-0 6. 0-0 Nc6 7. Nc3 Rb8 8. b3 a6 9. Bb2 b5 10. cxb5 axb5 11. Rc1 b4 12. Na4 Na5 13. Qc2 c6 14. e4 Bd7 15. Nd2 Rc8 16. Nc4 Nxc4 17. Qxc4 Qa5 18. Qc2 c5 19. dxc5 Bxa4 20. bxa4 dxc5 21. a3 bxa3 22. Bxa3 Nd7 23. Rfd1 Bd4 24. Bf1 Nb6 25. Bb5 e5 26. Qb3 Rfd8 27. Kg2 Kg7 28. Bxc5 Bxc5 29. Rxd8 Rxd8 30. Rxc5 Qa7 31. Rxe5 Rd2 32. Qc3 Rxf2+ 33. Kxf2 Nd5+ 34. Kf3 Nxc3 35. Re8 Qd4 36. Re7 Qf6+ 0-1

[Event "Foment Martinenc op-A 24th"]
[Site "Barcelona"]
[Date "2024.06.15"]
[Round "9"]
[White "Garcia Busquets, Jordi"]
[Black "Herman Gamazo, Isaac"]
[Result "0-1"]
[WhiteElo "2027"]
[BlackElo "2079"]
[PlyCount "90"]
[EventDate "2024.04.20"]
[EventType "swiss"]
[EventRounds "9"]
[EventCountry "ESP"]
[SourceTitle "CBM 220 Extra"]
[Source "ChessBase"]
[SourceDate "2024.07.31"]
[SourceVersion "1"]
[SourceVersionDate "2024.07.31"]
[SourceQuality "1"]

1. e4 e5 2. Nf3 Nc6 3. Bb5 a6 4. Ba4 Nf6 5. d3 d6 6. c3 b5 7. Bc2 Be7 8. 0-0 0-0 9. Nbd2 Nb8 10. a4 Bb7 11. axb5 axb5 12. Rxa8 Bxa8 13. Re1 Nbd7 14. Nf1 Re8 15. Ng3 g6 16. Bg5 c5 17. Qd2 d5 18. Ra1 Qb6 19. b3 Bc6 20. Qe1 Qb7 21. Ra2 dxe4 22. dxe4 Bd8 23. Qa1 Bb6 24. Nd2 Kg7 25. h3 h6 26. Be3 Rd8 27. f3 Nf8 28. Ndf1 Ne6 29. Qc1 h5 30. h4 Ne8 31. Qa1 b4 32. Ne2 bxc3 33. Nxc3 Nd4 34. Na4 Ba7 35. Nd2 c4 36. Nxc4 Nxc2 37. Rxc2 Qxb3 38. Bxa7 Qxc2 39. Nab2 Bb5 40. Qa5 Bxc4 41. Qxd8 Qxb2 42. Be3 Qe2 43. Bg5 Bb5 44. Qe7 Qb2 45. Kh2 Bf1 0-1

[Event "Foment Martinenc op-A 24th"]
[Site "Barcelona"]
[Date "2024.06.08"]
[Round "8"]
[White "Herman Gamazo, Isaac"]
[Black "Marabajan Navas, Saul"]
[Result "0-1"]
[WhiteElo "2079"]
[BlackElo "2073"]
[PlyCount "72"]
[EventDate "2024.04.20"]
[EventType "swiss"]
[EventRounds "9"]
[EventCountry "ESP"]
[SourceTitle "CBM 220 Extra"]
[Source "ChessBase"]
[SourceDate "2024.07.31"]
[SourceVersion "1"]
[SourceVersionDate "2024.07.31"]
[SourceQuality "1"]

1. e4 c5 2. Nf3 Nc6 3. d4 cxd4 4. Nxd4 Nf6 5. Nc3 e5 6. Ndb5 d6 7. Bg5 a6 8. Na3 b5 9. Nd5 Be7 10. Bxf6 Bxf6 11. c3 Rb8 12. Nc2 Bg5 13. Bd3 Be6 14. 0-0 0-0 15. b4 g6 16. a4 Bxd5 17. exd5 Ne7 18. c4 bxc4 19. Bxc4 a5 20. bxa5 Qxa5 21. Bb5 Rfc8 22. Na3 Rc5 23. Qg4 h6 24. Nc4 Qc7 25. Rfd1 f5 26. Qe2 Nxd5 27. Ra3 Nf4 28. Qa2 d5 29. Ne3 Rc1 30. Qd2 Rxd1+ 31. Qxd1 d4 32. Nc4 e4 33. g3 Ne6 34. Qb3 Kg7 35. a5 d3 36. Ra1 Nd4 0-1

[Event "Foment Martinenc op-A 24th"]
[Site "Barcelona"]
[Date "2024.05.04"]
[Round "3"]
[White "Bieg Pagel, Clemens"]
[Black "Herman Gamazo, Isaac"]
[Result "0-1"]
[WhiteElo "1816"]
[BlackElo "2079"]
[PlyCount "68"]
[EventDate "2024.04.20"]
[EventType "swiss"]
[EventRounds "9"]
[EventCountry "ESP"]
[SourceTitle "CBM 220 Extra"]
[Source "ChessBase"]
[SourceDate "2024.07.31"]
[SourceVersion "1"]
[SourceVersionDate "2024.07.31"]
[SourceQuality "1"]

1. e4 e5 2. Nf3 Nc6 3. Bb5 a6 4. Ba4 Nf6 5. 0-0 b5 6. Bb3 Bc5 7. c3 d6 8. d3 0-0 9. Nbd2 Bb6 10. a4 Bb7 11. h3 Ne7 12. Re1 Ng6 13. Nf1 d5 14. Ng3 Re8 15. Be3 c5 16. exd5 Nxd5 17. Bg5 f6 18. Be3 Kh8 19. Ne4 Nxe3 20. fxe3 c4 21. Bc2 f5 22. Neg5 Qe7 23. h4 h6 24. d4 e4 25. Nh2 Nxh4 26. Nh3 Bc7 27. Rf1 Qd6 28. Rf4 g5 29. Nxg5 hxg5 30. Qh5+ Kg7 31. Qxg5+ Ng6 32. Raf1 Rf8 33. R1f2 Bd8 34. Qg3 Bh4 0-1

[Event "Catalunya-chT Gp1 Final"]
[Site "Barcelona"]
[Date "2024.03.16"]
[Round "2.10"]
[White "Pares Vives, Natalia"]
[Black "Herman Gamazo, Isaac"]
[Result "1-0"]
[WhiteElo "2132"]
[BlackElo "2096"]
[PlyCount "83"]
[EventDate "2024.03.09"]
[EventType "team-k.o."]
[EventRounds "3"]
[EventCountry "ESP"]
[SourceTitle "CBM 220 Extra"]
[Source "ChessBase"]
[SourceDate "2024.07.31"]
[SourceVersion "1"]
[SourceVersionDate "2024.07.31"]
[SourceQuality "1"]
[WhiteTeam "Platja D'Aro"]
[BlackTeam "Barbera"]
[WhiteTeamCountry "ESP"]
[BlackTeamCountry "ESP"]

1. Nf3 Nf6 2. g3 g6 3. Bg2 Bg7 4. 0-0 0-0 5. d4 d6 6. c4 Nc6 7. Nc3 Rb8 8. d5 Na5 9. Nd2 c5 10. Qc2 a6 11. a4 Bd7 12. e4 b5 13. axb5 axb5 14. cxb5 Bxb5 15. Re1 Ng4 16. Nxb5 Rxb5 17. Qa4 Qb6 18. Bf3 Ne5 19. Be2 c4 20. Ra3 Rc8 21. Nb1 Nb3 22. Be3 Nc5 23. Qa7 Qxa7 24. Rxa7 Ned3 25. Rf1 Rxb2 26. Bg4 e6 27. Nd2 Ne5 28. Bxc5 dxc5 29. dxe6 Nxg4 30. Nxc4 Rbb8 31. e7 Nf6 32. e5 Ne8 33. Rd1 f6 34. f4 fxe5 35. fxe5 Rc6 36. Rd8 Rcc8 37. Rdd7 Rc6 38. Rd8 Rcc8 39. Rad7 Kf7 40. Nd6+ Ke6 41. Nxe8 Bxe5 42. Ng7+ 1-0